000 00344nam a2200133Ia 4500
008 151213s9999 xx 000 0 und d
100 _aMilton Kouner
245 _aThe Challenge of Coexistence
_cMilton Kouner
260 _aNew York
_bBallantine Books
_c1961
300 _a4605 p.
650 _aEnglish
700 _aMilton Kouner
999 _c2963
_d2963